|
|
|
|
| LEADER |
01338nam a2200337 a 4500 |
| 001 |
2159694 |
| 008 |
090808s2004 enk b 000 0 eng d |
| 010 |
|
|
|a 99179429
|
| 020 |
|
|
|a 0140446680
|
| 040 |
|
|
|a DLC
|c DLC
|
| 082 |
0 |
0 |
|a 882/.01
|2 21
|
| 100 |
0 |
|
|a Euripides.
|
| 240 |
1 |
0 |
|a Selected works.
|l English.
|f 2004
|
| 245 |
1 |
0 |
|a Electra and other plays /
|c Euripides ; translated by John Davie ; with an introduction and notes by Richard Rutherford.
|
| 260 |
|
|
|a London ;
|a New York :
|b Penguin Books,
|c 2004.
|
| 300 |
|
|
|a l, 264 p. ;
|c 20 cm.
|
| 490 |
0 |
|
|a Penguin classics
|
| 504 |
|
|
|a Includes bibliographical references (p. 248-252).
|
| 541 |
1 |
|
|e 00014523
|
| 505 |
0 |
|
|a Andromache. Hecabe. Suppliant women. Electra. Trojan women.
|
| 600 |
0 |
0 |
|a Euripides
|x Translations into English.
|
| 650 |
|
0 |
|a Seven against Thebes (Greek mythology)
|v Drama.
|
| 650 |
|
0 |
|a Andromache (Legendary character)
|v Drama.
|
| 650 |
|
0 |
|a Hecuba (Legendary character)
|v Drama.
|
| 650 |
|
0 |
|a Electra (Greek mythology)
|v Drama.
|
| 655 |
|
7 |
|a Tragedies.
|2 gsafd
|
| 700 |
1 |
|
|a Davie, John
|
| 700 |
1 |
|
|a Rutherford, R. B.
|
| 852 |
4 |
|
|a Ayesha Abed Library
|j General Shelf.
|
| 999 |
|
|
|c 3346
|d 3346
|
| 952 |
|
|
|0 0
|1 0
|2 ddc
|4 0
|6 882_010000000000000_EUR
|7 0
|9 3037
|a BRACUL
|b BRACUL
|c GEN
|d 2009-08-31
|l 3
|m 15
|o 882.01 EUR
|p 3010014523
|r 2024-05-26
|s 2024-03-13
|t 1
|w 2009-08-31
|y BK
|